000 00510nam a2200193Ia 4500
005 20250508163633.0
008 008 250505s9999 xx 000 0 hin d
037 _aTextual
040 _aFEDL
_beng
_cFEDL
041 _ahin
_2eng
084 _a301, MIS
_qFEDL
100 _aMishr K. K.
_9626834
245 0 _aVikas ka samajshastra
260 _aGorakhpur, India
_bVaishali Prakashan
_c1991
300 _a508p
650 _aSociology
942 _cTEXL
_h301, MIS
999 _c1384463
_d1384463